Agrarian change, gender and land rights / (Record no. 9009)
[ view plain ]
| 000 -LEADER | |
|---|---|
| fixed length control field | 02028cam a22003134a 4500 |
| 001 - CONTROL NUMBER | |
| control field | 13214870 |
| 003 - CONTROL NUMBER IDENTIFIER | |
| control field | OSt |
| 005 - DATE AND TIME OF LATEST TRANSACTION | |
| control field | 20240628110749.0 |
| 008 - FIXED-LENGTH DATA ELEMENTS--GENERAL INFORMATION | |
| fixed length control field | 030527s2003 enk b 001 0 eng |
| 010 ## - LIBRARY OF CONGRESS CONTROL NUMBER | |
| LC control number | 2003011350 |
| 020 ## - INTERNATIONAL STANDARD BOOK NUMBER | |
| International Standard Book Number | 1405110767 (pbk.) |
| 040 ## - CATALOGING SOURCE | |
| Transcribing agency | MUST |
| 082 00 - DEWEY DECIMAL CLASSIFICATION NUMBER | |
| Classification number | 333.1 AGR 2003 |
| 245 00 - TITLE STATEMENT | |
| Title | Agrarian change, gender and land rights / |
| Statement of responsibility, etc. | edited by Shahra Razavi. |
| 260 ## - PUBLICATION, DISTRIBUTION, ETC. (IMPRINT) | |
| Place of publication, distribution, etc. | Oxford ; |
| -- | Malden, MA : |
| Name of publisher, distributor, etc. | Blackwell Publishing, |
| Date of publication, distribution, etc. | 2003. |
| 300 ## - PHYSICAL DESCRIPTION | |
| Extent | 296 p. cm. |
| 500 ## - GENERAL NOTE | |
| General note | "First published 2003 as Journal of Agrarian Change Special issue 3(1&2), by Blackwell Publishing." |
| 504 ## - BIBLIOGRAPHY, ETC. NOTE | |
| Bibliography, etc | Includes bibliographical references and index. |
| 505 0# - FORMATTED CONTENTS NOTE | |
| Formatted contents note | Global capitalism, deflation and agrarian crisis in developing countries / Utsa Patnaik -- Policy discourses on women's land rights in Sub-Saharan Africa : the implications of the return to the customary / Anne Whitehead and Dzodzi Tsikata -- Piety in the sky? : gender policy and land reform in South Africa / Cherryl Walker -- Securing women's interests within land tenure reforms : recent debates in Tanzania / Dzodzi Tsikata -- Gender and land rights revisited : exploring new prospects via the state, family and market / Bina Agarwal -- The cry for land : agrarian reform, gender and land rights in Uzbekistan / Deniz Kandiyoti -- Women's land rights and rural social movements in the Brazilian agrarian reform / Carmen Diana Deere. |
| 650 #0 - SUBJECT ADDED ENTRY--TOPICAL TERM | |
| Topical term or geographic name as entry element | Land reform |
| Geographic subdivision | Developing countries |
| Form subdivision | Case studies. |
| 9 (RLIN) | 18311 |
| 650 #0 - SUBJECT ADDED ENTRY--TOPICAL TERM | |
| Topical term or geographic name as entry element | Women in rural development |
| Form subdivision | Case studies. |
| 9 (RLIN) | 18312 |
| 650 #0 - SUBJECT ADDED ENTRY--TOPICAL TERM | |
| Topical term or geographic name as entry element | Women's rights |
| Geographic subdivision | Developing countries |
| Form subdivision | Case studies. |
| 9 (RLIN) | 18313 |
| 700 1# - ADDED ENTRY--PERSONAL NAME | |
| Personal name | Razavi, Shahra. |
| 9 (RLIN) | 18314 |
| 730 0# - ADDED ENTRY--UNIFORM TITLE | |
| Uniform title | Journal of agrarian change. |
| 9 (RLIN) | 18315 |
| 856 41 - ELECTRONIC LOCATION AND ACCESS | |
| Materials specified | Table of contents |
| Uniform Resource Identifier | http://www.loc.gov/catdir/toc/ecip044/2003011350.html |
| 906 ## - LOCAL DATA ELEMENT F, LDF (RLIN) | |
| a | 7 |
| b | cbc |
| c | orignew |
| d | 1 |
| e | ecip |
| f | 20 |
| g | y-gencatlg |
| 942 ## - ADDED ENTRY ELEMENTS (KOHA) | |
| Source of classification or shelving scheme | Dewey Decimal Classification |
| Koha item type | Open Shelf |
| Withdrawn status | Lost status | Source of classification or shelving scheme | Damaged status | Not for loan | Home library | Current library | Date acquired | Source of acquisition | Inventory number | Total Checkouts | Full call number | Barcode | Date last seen | Price effective from | Koha item type |
|---|---|---|---|---|---|---|---|---|---|---|---|---|---|---|---|
| Dewey Decimal Classification | MUST Main Library | MUST Main Library | 28/06/2024 | Purchase | 2003/20027 | 333.1 AGR 2003 | 2024-21595 | 28/06/2024 | 28/06/2024 | Open Shelf |
